000
00303nam a22001337a 4500
008
181019b xxu||||| |||| 00| 0 eng d
020
_a
9780134465500
041
_a
eng
080
_2
3 ED
_a
370
100
_a
48
101
_a
EDU
245
_a
Learning And Cognition
_c
Leahey.TH.H
942
_2
udc
_c
BK
999
_c
50182
_d
50182